|
|
|
|
| LEADER |
01326nam a2200277 u 4500 |
| 001 |
10027337 |
| 003 |
GR-PaULI |
| 005 |
20240913112111.0 |
| 008 |
990820s1997 us eng |
| 952 |
|
|
|0 0
|1 0
|2 ddc
|4 0
|6 Π_Σ_530_150000000000000_SOU
|7 0
|8 NFIC
|9 197835
|a LISP
|b LISP
|c REF
|d 2016-04-24
|i 049015
|l 0
|o Π/Σ 530.15 SOU
|p 025000061515
|r 2016-04-24 00:00:00
|t 1
|v 2016.00
|w 2016-04-24
|y BK15
|
| 999 |
|
|
|c 121524
|d 121524
|
| 020 |
|
|
|a 0817636951
|
| 040 |
|
|
|a GR-PaULI
|c GR-PaULI
|b gre
|e AACR2
|
| 082 |
0 |
4 |
|a 530.15
|2 23
|
| 100 |
1 |
|
|a Souriau, J.-M.
|q (Jean-Marie),
|d 1922-2012
|9 152750
|e συγγραφέας.
|
| 240 |
1 |
0 |
|a Structure des systemes dynamiques
|l Αγγλικά.
|
| 245 |
1 |
0 |
|a Structure of dynamical systems :
|b a symplectic view of physics /
|c J.-M. Souriau ; translated by C.H. Cushman-de Vries ; translation editors, R.H. Cushman, G.M. Tuynman.
|
| 260 |
|
|
|a Boston :
|b Birkhauser,
|c 1997.
|
| 300 |
|
|
|a xxxiv, 406 σ. ;
|b
|c 25 εκ.
|
| 490 |
1 |
|
|a Progress in mathematics
|v 149.
|
| 504 |
|
|
|a Περιλαμβάνει βιβλιογραφικές παραπομπές και ευρετήριο.
|
| 650 |
|
4 |
|a Δυναμικά συστήματα
|9 394
|
| 650 |
|
4 |
|a Μαθηματική φυσική
|9 13
|
| 830 |
|
0 |
|a Progress in mathematics (Boston, Mass.)
|v 149.
|9 177196
|
| 942 |
|
|
|2 ddc
|c BKN
|
| 998 |
|
|
|c ΜΠΟΥΡΑΣ
|d 2019-08
|